000 00682nam a2200277 a 4500
003 AR-BaBNM
005 20251128203746.0
008 082120s2002 ||||||||||||||000 | spa||
040 _cAR-BaBNM
100 1 _aMaurois, André
245 0 0 _aFederico Chopin
250 _a1ª ed.
260 _aBuenos Aires
_bEdiciones Anaconda
_c1943
300 _a106 p.
_bil.
650 4 _aBIOGRAFIAS
650 4 _aMUSICOS
650 4 _aHISTORIA DE LA MUSICA
650 4 _aROMANTICISMO
650 4 _aMUSICA CLASICA
650 4 _aSIGLO DIECINUEVE
650 4 _aLITERATURA FRANCESA
655 _aBIOGRAFIAS
700 1 _aShinn, Everett
_eilustrador
942 _cBK
998 _cMARTIN
999 _c4823
_d4823